Compendio de historia civil y constitucional de Inglaterra / (Record no. 30410)

MARC details
000 -LEADER
campo de control de longitud fija 00649nam a2200193 i 4500
001 - NÚMERO DE CONTROL
campo de control 30410
003 - IDENTIFICADOR DE NÚMERO DE CONTROL
campo de control ES-MaACL
005 - FECHA Y HORA DE LA ÚLTIMA TRANSACCIÓN
campo de control 20231226204515.0
007 - CAMPO FIJO DE DESCRIPCIÓN FÍSICA--INFORMACIÓN GENERAL
campo de control de longitud fija t|
008 - DATOS DE LONGITUD FIJA--INFORMACIÓN GENERAL
campo de control de longitud fija 030124s1879 sp |||| | spa d
100 1# - ENTRADA PRINCIPAL--NOMBRE DE PERSONA
Nombre de persona Barthe, Luis.
9 (RLIN) 26110
245 10 - MENCIÓN DEL TÍTULO
Título Compendio de historia civil y constitucional de Inglaterra /
Mención de responsabilidad, etc. por Luis Barthe ; con un discurso preliminar de Manuel Pedregal.
260 ## - PUBLICACIÓN, DISTRIBUCIÓN, ETC.
Lugar de publicación, distribución, etc. Madrid :
Nombre del editor, distribuidor, etc. [s.n.,
Fecha de publicación, distribución, etc. 1879] (
Fabricante J. Maroto e hijos)
300 ## - DESCRIPCIÓN FÍSICA
Extensión XXXI, 342 p. ;
Dimensiones 17 cm.
651 #4 - PUNTO DE ACCESO ADICIONAL DE MATERIA--NOMBRE GEOGRÁFICO
Nombre geográfico Gran Bretaña-
Subdivisión general Historia.
9 (RLIN) 8752
700 1# - ENTRADA AGREGADA--NOMBRE PERSONAL
Nombre de persona Pedregal Cañedo, Manuel,
Fechas asociadas al nombre 1831-1896
9 (RLIN) 130930
852 ## - LOCALIZACIÓN
Ubicación ES-MaACL
Número de control de estantería F-9314
Holdings
Estatus retirado Estado de pérdida Estado de daño No para préstamo Colección Biblioteca de origen Biblioteca actual Ubicación en estantería Fecha de adquisición Fuente de adquisición Total de préstamos Signatura topográfica completa Código de barras Visto por última vez Precio de reemplazo Tipo de ítem Koha
        Libros del s. XIX Biblioteca del Ateneo de Madrid Biblioteca del Ateneo de Madrid Sala Pecera Planta 2 17/01/2008     F-9314 1031398 23/02/2023 23/02/2023 Libro impreso antiguo